[Event "12. Friedrichrodaer Open"]
[Site "Friedrichroda"]
[Date "2008.08.07"]
[Round "3.10"]
[White "Vredenborg, Carel"]
[Black "Hansch, Karsten"]
[Result "0-1"]
[WhiteElo "2010"]
[BlackElo "1581"]
[PlyCount "68"]
[EventDate "2008.08.??"]
[EventType "swiss"]
[EventRounds "7"]
[WhiteTeam "Charleroi Rotterdam"]
[BlackTeam "Stendaler Schachklub e.V."]

1. e4 c5 2. Nf3 d6 3. d4 cxd4 4. Nxd4 Nf6 5. Nc3 a6 6. Bg5 e6 7. f4 Be7 8. Qf3
Nc6 9. O-O-O Nxd4 10. Rxd4 Qc7 11. Be2 O-O 12. Qg3 Kh8 13. Kb1 h6 14. e5 dxe5
15. fxe5 Nh7 16. h4 Bc5 17. Rd3 b5 18. Ne4 Ba7 19. Qf4 Bb7 20. Rc3 Qb6 21. Nd6
Bxg2 22. Bf6 gxf6 23. Rg3 Qf2 24. Qg4 Qxg3 25. Qxg3 Bxh1 26. Bh5 Rad8 27. a3
Rd7 28. Qf4 Bb8 29. Be2 fxe5 30. Qxe5+ f6 31. Qxe6 Rxd6 32. Qe7 f5 33. Bd3 Rdf6
34. Qd7 Be4 0-1

[Event "12. Friedrichrodaer Open"]
[Site "Friedrichroda"]
[Date "2008.08.07"]
[Round "3.11"]
[White "Hansch, Stephan"]
[Black "Richter, Jan"]
[Result "0-1"]
[WhiteElo "1555"]
[BlackElo "2068"]
[PlyCount "42"]
[EventDate "2008.08.??"]
[EventType "swiss"]
[EventRounds "7"]
[WhiteTeam "Stendaler Schachklub e.V."]
[BlackTeam "SV Schott Jena"]

1. d4 Nf6 2. Nf3 g6 3. e3 Bg7 4. Bd3 d5 5. O-O O-O 6. Nbd2 c5 7. b3 Nbd7 8. Bb2
b6 9. Ne5 Nxe5 10. dxe5 Ng4 11. Nf3 Qc7 12. e6 Bxb2 13. exf7+ Rxf7 14. Rb1 Rxf3
15. g3 Rf7 16. Rxb2 Ne5 17. Be2 Bb7 18. f4 Nd7 19. Bg4 Qc6 20. Bxd7 Qxd7 21. c4
Qc6 0-1

[Event "12. Friedrichrodaer Open"]
[Site "Friedrichroda"]
[Date "2008.08.07"]
[Round "3.12"]
[White "Winter, Katharina"]
[Black "Willems, Matthias"]
[Result "0-1"]
[WhiteElo "1486"]
[BlackElo "2032"]
[PlyCount "130"]
[EventDate "2008.08.??"]
[EventType "swiss"]
[EventRounds "7"]
[WhiteTeam "SV Lok Engelsdorf"]
[BlackTeam "SC Bad Nauheim"]

1. e4 d5 2. exd5 Qxd5 3. Nc3 Qa5 4. d4 c6 5. Nf3 Nf6 6. Bd3 Bg4 7. h3 Bh5 8.
Bf4 e6 9. a3 Nd5 10. Bd2 Qc7 11. Ne4 Nf4 12. Bf1 Bg6 13. Ng3 Bd6 14. Ne2 Nh5
15. g4 Nf6 16. Bg2 Nbd7 17. Nc3 Nd5 18. Ne2 Be4 19. c4 Nf4 20. Nxf4 Bxf4 21.
Bxf4 Qxf4 22. O-O O-O-O 23. Qe2 Bxf3 24. Qxf3 Qxf3 25. Bxf3 Nb6 26. Be2 Rxd4
27. b3 Rd2 28. Rfe1 Rb2 29. Rab1 Rxb1 30. Rxb1 Rd8 31. Rb2 Rd4 32. Kf1 g5 33.
Bf3 Nd7 34. Ke2 Ne5 35. Bg2 c5 36. Rc2 Ng6 37. Ke3 Nf4 38. Be4 h6 39. h4 Rd1
40. hxg5 hxg5 41. Rc3 Re1+ 42. Kf3 Ne2 43. Re3 Nd4+ 44. Kg2 Rxe3 45. fxe3 Nxb3
46. Bf3 Na5 47. Be2 Kc7 48. Kf3 Kd6 49. Ke4 Nc6 50. Bd1 Ne7 51. Bc2 f5+ 52.
gxf5 exf5+ 53. Kf3 Ke5 54. Bd3 Ng6 55. Kg3 Nf8 56. Kf3 Ne6 57. Kg3 b6 58. Kf2
f4 59. exf4+ Kxf4 60. Bf1 Nd4 61. Bg2 Nf5 62. Bc6 Ne3 63. Bb5 Ke4 64. Kg3 Kd4
65. a4 Nxc4 0-1

[Event "12. Friedrichrodaer Open"]
[Site "Friedrichroda"]
[Date "2008.08.07"]
[Round "3.13"]
[White "Hilbenz, Guntram"]
[Black "Jäkel, Matthias"]
[Result "1/2-1/2"]
[WhiteElo "2013"]
[BlackElo "1467"]
[PlyCount "48"]
[EventDate "2008.08.??"]
[EventType "swiss"]
[EventRounds "7"]
[WhiteTeam "SC Bad Nauheim"]
[BlackTeam "TSG Neuruppin"]

1. Nf3 Nf6 2. c4 g6 3. g3 d5 4. cxd5 Nxd5 5. Nc3 Nxc3 6. bxc3 Bg7 7. Rb1 O-O 8.
Bg2 c6 9. O-O Nd7 10. d4 Nf6 11. Ne5 Nd5 12. Qc2 Qc7 13. Nd3 Re8 14. c4 Nb6 15.
c5 Nd7 16. Bf4 e5 17. dxe5 Bxe5 18. Nxe5 Nxe5 19. Rfd1 Qe7 20. Rd2 g5 21. Bxe5
Qxe5 22. Rbd1 Bf5 23. Qc4 Be6 24. Qc2 Bf5 1/2-1/2

[Event "12. Friedrichrodaer Open"]
[Site "Friedrichroda"]
[Date "2008.08.07"]
[Round "3.15"]
[White "Plötz, Hans-Jürgen"]
[Black "Geisler, Reinhard"]
[Result "0-1"]
[WhiteElo "1631"]
[BlackElo "2042"]
[PlyCount "54"]
[EventDate "2008.08.??"]
[EventType "swiss"]
[EventRounds "7"]
[WhiteTeam "SC Bad Nauheim"]
[BlackTeam "Schachklub Werther 1949 e.V."]

1. d4 d5 2. Nf3 c6 3. Bf4 Nf6 4. e3 Bf5 5. c4 e6 6. Nc3 Nbd7 7. cxd5 exd5 8.
Be2 Be7 9. h3 h6 10. O-O O-O 11. Rc1 Re8 12. Ne5 Nxe5 13. Bxe5 Ne4 14. Bd3 Bd6
15. Bxd6 Qxd6 16. Nxe4 Bxe4 17. a3 Bxd3 18. Qxd3 a5 19. Qb3 Re7 20. Qb6 f5 21.
b4 axb4 22. axb4 f4 23. Rfe1 Rae8 24. Rc3 Qg6 25. Kh2 Qg5 26. b5 Rxe3 27. fxe3
Qg3+ 0-1

[Event "12. Friedrichrodaer Open"]
[Site "Friedrichroda"]
[Date "2008.08.07"]
[Round "3.16"]
[White "Krutsch, Thomas"]
[Black "Jörges, Frank"]
[Result "0-1"]
[WhiteElo "1433"]
[BlackElo "2018"]
[PlyCount "74"]
[EventDate "2008.08.??"]
[EventType "swiss"]
[EventRounds "7"]
[WhiteTeam "SG Burgtonna"]
[BlackTeam "ESV Lok Meiningen"]

1. d4 d5 2. Nf3 Nf6 3. c4 c6 4. Nc3 dxc4 5. a4 Bf5 6. e3 h6 7. Bxc4 e6 8. Bd3
Bxd3 9. Qxd3 Nbd7 10. O-O Be7 11. Rd1 O-O 12. e4 Qc7 13. Be3 Ng4 14. e5 Nxe3
15. Qxe3 Rfd8 16. Rac1 Qb6 17. Rb1 Qa5 18. b3 Nb6 19. Na2 Nd5 20. Qd2 Qxd2 21.
Rxd2 Rd7 22. b4 a6 23. Rd3 Kf8 24. Rdb3 g5 25. h3 h5 26. g4 f5 27. exf6 Bxf6
28. Ne5 Bxe5 29. dxe5 hxg4 30. hxg4 Nf4 31. Nc3 Rd4 32. f3 Kg7 33. Ne4 Kg6 34.
Kf2 Rd5 35. Nd6 Rh8 36. Ke3 Rxe5+ 37. Kd4 Rd5+ 0-1

[Event "12. Friedrichrodaer Open"]
[Site "Friedrichroda"]
[Date "2008.08.07"]
[Round "3.17"]
[White "Zimmer, Frank"]
[Black "Künne, Lutz Dieter"]
[Result "1-0"]
[WhiteElo "1796"]
[BlackElo "1593"]
[PlyCount "53"]
[EventDate "2008.08.??"]
[EventType "swiss"]
[EventRounds "7"]
[WhiteTeam "SK Nürnberg 1911 - Grundig e.V."]
[BlackTeam "Kings Club 98 Jena"]

1. e4 c5 2. d4 cxd4 3. c3 dxc3 4. Nxc3 Nc6 5. Nf3 e6 6. Bc4 d6 7. O-O a6 8. Qe2
Nf6 9. Rd1 Qc7 10. Bf4 e5 11. Bg5 Na5 12. Bd5 Bd7 13. Rac1 Rc8 14. Qd2 Qb8 15.
Nxe5 Be6 16. Nxf7 Kxf7 17. Bxe6+ Kxe6 18. Bxf6 Kxf6 19. Nd5+ Ke6 20. Qxa5 Rc5
21. Rxc5 dxc5 22. Nc7+ Kf7 23. Rd7+ Kg6 24. Qb6+ Kg5 25. Rd5+ Kf4 26. g3+ Kg4
27. Qe6+ 1-0

[Event "12. Friedrichrodaer Open"]
[Site "Friedrichroda"]
[Date "2008.08.07"]
[Round "3.18"]
[White "Scholz, Bodo"]
[Black "Hillgaertner, Walter"]
[Result "0-1"]
[WhiteElo "1383"]
[BlackElo "1999"]
[PlyCount "77"]
[EventDate "2008.08.??"]
[EventType "swiss"]
[EventRounds "7"]
[WhiteTeam "SG Schweina 1949"]
[BlackTeam "SC Bad Nauheim"]

1. d4 Nf6 2. Nf3 d6 3. e3 Bf5 4. c4 c6 5. Qb3 Qb6 6. Be2 Nbd7 7. O-O h6 8. Bd2
e6 9. Nc3 Qxb3 10. axb3 Be7 11. Ra2 O-O 12. Rfa1 a6 13. b4 Rac8 14. b5 axb5 15.
cxb5 c5 16. Ra7 Rb8 17. Be1 Bd8 18. Nd2 cxd4 19. exd4 Bb6 20. R7a4 d5 21. Bd1
Ne8 22. f3 Nef6 23. Kh1 Rbc8 24. Bg3 Rfe8 25. Bd6 Bg6 26. Nb3 e5 27. dxe5 Nxe5
28. Be2 Bc2 29. R4a3 Ned7 30. Na5 d4 31. Ne4 Nxe4 32. fxe4 Bxe4 33. Bg4 f5 34.
Bh5 Re6 35. Bf4 Nf6 36. h3 Nxh5 37. Bh2 Nf6 38. Nb3 Ree8 39. Be5 0-1

[Event "12. Friedrichrodaer Open"]
[Site "Friedrichroda"]
[Date "2008.08.07"]
[Round "3.19"]
[White "Urban, Thomas"]
[Black "Hansch, Torsten"]
[Result "0-1"]
[WhiteElo "1222"]
[BlackElo "2226"]
[PlyCount "70"]
[EventDate "2008.08.??"]
[EventType "swiss"]
[EventRounds "7"]
[WhiteTeam "TSG Apolda"]
[BlackTeam "Stendaler Schachklub e.V."]

1. e4 c5 2. Nf3 e6 3. Nc3 Nf6 4. d4 cxd4 5. Nxd4 Bb4 6. a3 Bxc3+ 7. bxc3 Nxe4
8. Bd3 Qa5 9. Bd2 Nxd2 10. Qxd2 Qe5+ 11. Qe2 Qxe2+ 12. Bxe2 a6 13. O-O d6 14.
Rab1 Nd7 15. h3 Nc5 16. Bd3 Bd7 17. c4 Rc8 18. Rb6 Bc6 19. Rfb1 Kd7 20. Nxc6
Rxc6 21. f3 Kc7 22. R6b2 f5 23. g4 g6 24. Kf2 Rf8 25. g5 e5 26. Kg3 a5 27. Rb6
Ra8 28. Bf1 Ra7 29. Bd3 Na4 30. R6b3 Nb6 31. Rc3 a4 32. Rb5 Rc5 33. Be2 Ra5 34.
Rb4 d5 35. Re3 f4+ 0-1

[Event "12. Friedrichrodaer Open"]
[Site "Friedrichroda"]
[Date "2008.08.07"]
[Round "3.21"]
[White "Halle, Julia"]
[Black "Neumann, Karsten"]
[Result "0-1"]
[WhiteElo "900"]
[BlackElo "1690"]
[PlyCount "44"]
[EventDate "2008.08.??"]
[EventType "swiss"]
[EventRounds "7"]
[WhiteTeam "SG Burgtonna"]
[BlackTeam "TSG Neuruppin"]

1. e4 c5 2. Bc4 e6 3. Nf3 a6 4. c3 b5 5. Bb3 Bb7 6. d4 Bxe4 7. dxc5 Bxc5 8.
Nbd2 Bb7 9. O-O Nf6 10. Re1 O-O 11. c4 b4 12. Bc2 Qb6 13. Rf1 Rd8 14. Ng5 h6
15. Nge4 Nxe4 16. Nxe4 Bd4 17. Qd3 f5 18. Nd2 d5 19. cxd5 Rxd5 20. Qe2 Qc6 21.
Qd1 Rc5 22. Bb3 Qxg2# 0-1

[Event "12. Friedrichrodaer Open"]
[Site "Friedrichroda"]
[Date "2008.08.07"]
[Round "3.22"]
[White "Töpfer, Lisette"]
[Black "Maczollek, Helmut"]
[Result "0-1"]
[WhiteElo "848"]
[BlackElo "1719"]
[PlyCount "66"]
[EventDate "2008.08.??"]
[EventType "swiss"]
[EventRounds "7"]
[WhiteTeam "ZSG Grün-Weiß Waltershausen"]
[BlackTeam "Schachklub Turm Lage 1926"]

1. e4 e5 2. g3 d6 3. Bg2 Nf6 4. Ne2 Be7 5. O-O O-O 6. b3 b6 7. Nbc3 Bb7 8. d4
Nbd7 9. d5 c6 10. Bb2 cxd5 11. exd5 Qc7 12. Qc1 Rfc8 13. Rb1 Ba6 14. Re1 Re8
15. a4 Qc5 16. Ra1 Bb7 17. Qd1 Bf8 18. Ba3 Qc7 19. Ne4 Nxe4 20. Bxe4 Nf6 21.
Bg2 e4 22. Nc3 Qxc3 23. Bxe4 Nxe4 24. Qd3 Qxd3 25. cxd3 Nf6 26. Rxe8 Rxe8 27.
h3 Bxd5 28. b4 g6 29. a5 b5 30. a6 Bg7 31. Rc1 Nd7 32. Rc7 Re1+ 33. Kh2 Rh1#
0-1

[Event "12. Friedrichrodaer Open"]
[Site "Friedrichroda"]
[Date "2008.08.07"]
[Round "3.23"]
[White "Losch, Marika"]
[Black "Schirrmeister, Laura"]
[Result "1-0"]
[WhiteElo "1276"]
[BlackElo "823"]
[PlyCount "75"]
[EventDate "2008.08.??"]
[EventType "swiss"]
[EventRounds "7"]
[WhiteTeam "vereinslos"]
[BlackTeam "SG Burgtonna"]

1. e4 d6 2. d4 g6 3. Bc4 Bg7 4. Qf3 Nf6 5. e5 dxe5 6. dxe5 Bg4 7. Qd3 Qxd3 8.
Bxd3 Nd5 9. f4 Nxf4 10. Bxf4 O-O 11. Nc3 Nc6 12. h3 Be6 13. Nf3 Nb4 14. Be4 f5
15. exf6 exf6 16. Bxc7 Rfe8 17. Nd4 Bd7 18. O-O-O f5 19. Bxb7 Red8 20. Bxd8
Rxd8 21. a3 Nc6 22. Nxc6 h5 23. Nxd8 Be8 24. Bd5+ Kh7 25. Rhe1 Bd7 26. Re7 Ba4
27. Nxa4 g5 28. Ne6 Kg8 29. Nxg5+ Kh8 30. Re8+ Bf8 31. Rxf8+ Kg7 32. Rxf5 Kg6
33. Rdf1 h4 34. Bf7+ Kh6 35. Rf6+ Kg7 36. Ne6+ Kh7 37. R1f5 Kh8 38. Rh5# 1-0

[Event "12. Friedrichrodaer Open"]
[Site "Friedrichroda"]
[Date "2008.08.07"]
[Round "3.24"]
[White "Einax, Silvester"]
[Black "Kirves, Bernd"]
[Result "0-1"]
[WhiteElo "832"]
[BlackElo "1236"]
[PlyCount "60"]
[EventDate "2008.08.??"]
[EventType "swiss"]
[EventRounds "7"]
[WhiteTeam "TSG Apolda"]
[BlackTeam "ZSG Grün-Weiß Waltershausen"]

1. e4 c5 2. Nf3 Nc6 3. Bc4 e6 4. Nc3 a6 5. a3 h6 6. d3 Bd6 7. Be3 b5 8. Ba2 Bb7
9. d4 cxd4 10. Bxd4 e5 11. Be3 Bc7 12. Bd5 Nf6 13. O-O Rb8 14. a4 b4 15. Ne2 a5
16. c3 Ng4 17. Bc5 d6 18. Bxc6+ Bxc6 19. Ba7 Rb7 20. Rb1 Rxa7 21. h3 Nf6 22.
cxb4 axb4 23. Qc2 Bxe4 24. Qc4 Ba5 25. Rbc1 Rc7 26. Qb5+ Ke7 27. Qxa5 Rxc1 28.
Qxd8+ Rxd8 29. Rxc1 Nd5 30. Nh4 Ke6 0-1

[Event "12. Friedrichrodaer Open"]
[Site "Friedrichroda"]
[Date "2008.08.08"]
[Round "4.1"]
[White "Langheinrich, Ferenc"]
[Black "Stiefel, Roland"]
[Result "1/2-1/2"]
[WhiteElo "2412"]
[BlackElo "2056"]
[PlyCount "78"]
[EventDate "2008.08.??"]
[EventType "swiss"]
[EventRounds "7"]
[WhiteTeam "SV Empor Erfurt"]
[BlackTeam "ZSG Grün-Weiß Waltershausen"]

1. Nf3 Nf6 2. c4 g6 3. Nc3 Bg7 4. d4 O-O 5. Bg5 h6 6. Bh4 d6 7. e3 Nbd7 8. Be2
c5 9. d5 Re8 10. h3 Nf8 11. O-O a6 12. a4 b6 13. Bg3 Qc7 14. Qc2 Bb7 15. Rad1
Rad8 16. Nd2 e5 17. Rde1 Bc8 18. Bh2 N6h7 19. f4 f5 20. Bd3 exf4 21. Bxf4 Nf6
22. Bh2 Re7 23. e4 Rde8 24. Rd1 f4 25. Bxf4 Nh5 26. Bh2 Bd4+ 27. Kh1 Be5 28.
Bxe5 Rxe5 29. Kh2 Qg7 30. Nf3 g5 31. Nxe5 Qxe5+ 32. Kg1 Ng6 33. Ne2 g4 34. Qc3
Qg5 35. Qd2 gxh3 36. Qxg5 hxg5 37. gxh3 Bxh3 38. Rf2 Ne5 39. Nc3 Nf4 1/2-1/2

[Event "12. Friedrichrodaer Open"]
[Site "Friedrichroda"]
[Date "2008.08.08"]
[Round "4.2"]
[White "Haase, Reinhard"]
[Black "Natsidis, Christoph"]
[Result "1/2-1/2"]
[WhiteElo "2136"]
[BlackElo "2309"]
[PlyCount "28"]
[EventDate "2008.08.??"]
[EventType "swiss"]
[EventRounds "7"]
[WhiteTeam "SC Fulda"]
[BlackTeam "SC Leipzig-Gohlis"]

1. Nf3 Nf6 2. d4 e6 3. c4 b6 4. g3 Ba6 5. b3 d5 6. cxd5 exd5 7. Bg2 Bb4+ 8. Bd2
Bd6 9. O-O O-O 10. Bg5 Re8 11. Re1 Nbd7 12. a3 h6 13. Bxf6 Nxf6 14. Nc3 Rc8
1/2-1/2

[Event "12. Friedrichrodaer Open"]
[Site "Friedrichroda"]
[Date "2008.08.08"]
[Round "4.3"]
[White "Michalowski, Peter"]
[Black "Gutman, Lev"]
[Result "0-1"]
[WhiteElo "2038"]
[BlackElo "2497"]
[PlyCount "42"]
[EventDate "2008.08.??"]
[EventType "swiss"]
[EventRounds "7"]
[WhiteTeam "SV Empor Erfurt"]
[BlackTeam "SC Melle 03"]

1. e4 c5 2. Nf3 d6 3. d4 cxd4 4. Nxd4 Nf6 5. Nc3 a6 6. Be3 e5 7. Nb3 Be6 8. f3
Be7 9. Qd2 O-O 10. O-O-O a5 11. a4 Na6 12. Qf2 Qc8 13. Bxa6 Rxa6 14. g4 Qc4 15.
Qf1 Qb4 16. g5 Ne8 17. Qb5 Nc7 18. Qxb4 axb4 19. Nb5 Rc8 20. Na7 Ra8 21. Nb5
Ne8 0-1

[Event "12. Friedrichrodaer Open"]
[Site "Friedrichroda"]
[Date "2008.08.08"]
[Round "4.5"]
[White "Bauer, Andreas"]
[Black "Stadtmueller, Harald"]
[Result "1-0"]
[WhiteElo "1986"]
[BlackElo "2192"]
[PlyCount "42"]
[EventDate "2008.08.??"]
[EventType "swiss"]
[EventRounds "7"]
[WhiteTeam "SC Emmendingen 1937 e.V."]
[BlackTeam "VSG 1880 Offenbach"]

1. e4 d6 2. d4 Nf6 3. Nc3 c6 4. f4 Qa5 5. Bd3 e5 6. Nf3 Nbd7 7. Be3 Be7 8. a3
exd4 9. b4 Qh5 10. Nxd4 Qxd1+ 11. Rxd1 g6 12. Bc4 O-O 13. Bb3 Nb6 14. O-O Bg4
15. Nf3 Rad8 16. h3 Bxf3 17. Rxf3 h6 18. e5 Nfd5 19. Bxd5 Nxd5 20. Nxd5 cxd5
21. Bxa7 Rc8 1-0

[Event "12. Friedrichrodaer Open"]
[Site "Friedrichroda"]
[Date "2008.08.08"]
[Round "4.6"]
[White "Bohatschek, Daniel"]
[Black "Geisler, Reinhard"]
[Result "1-0"]
[WhiteElo "1955"]
[BlackElo "2042"]
[PlyCount "179"]
[EventDate "2008.08.??"]
[EventType "swiss"]
[EventRounds "7"]
[WhiteTeam "ZSG Grün-Weiß Waltershausen"]
[BlackTeam "Schachklub Werther 1949 e.V."]

1. e4 c5 2. Nc3 Nc6 3. f4 g6 4. Nf3 Bg7 5. Bc4 e6 6. d3 Nge7 7. a3 d5 8. Ba2
O-O 9. O-O a6 10. Qe1 b5 11. Ne2 dxe4 12. dxe4 Qc7 13. c3 b4 14. axb4 cxb4 15.
c4 a5 16. Bb3 e5 17. Kh1 Bg4 18. Qg3 Bxf3 19. Qxf3 f5 20. Ra2 Rad8 21. Bc2 b3
22. Bxb3 Nb4 23. Ra3 Rd3 24. Qf2 fxe4 25. Ng3 a4 26. Bxa4 Rxa3 27. bxa3 Nd3 28.
Qc2 Bh6 29. Nxe4 Nxc1 30. Qxc1 Bxf4 31. Qc2 Nf5 32. c5 Qe7 33. Qb3+ Kg7 34. g3
Nd4 35. Qd5 Be3 36. Rxf8 Kxf8 37. Qd6 Bc1 38. c6 Qxd6 39. Nxd6 Ne6 40. Nb5 Ke7
41. c7 Nxc7 42. Nxc7 Bxa3 43. Kg2 e4 44. Bc2 Kf6 45. Bxe4 h5 46. Bf3 Kg5 47.
Ne6+ Kf5 48. Nd4+ Kg5 49. h4+ Kf6 50. Kh3 Bc5 51. Ne2 Bf2 52. Nf4 Kf5 53. Bxh5
g5 54. Bg4+ Kf6 55. Nd5+ Ke5 56. Ne7 gxh4 57. Ng6+ Kf6 58. Nxh4 Bxg3 59. Kxg3
Kg5 60. Nf3+ Kg6 61. Kh4 Kh7 62. Kg5 Kg7 63. Be6 Kh7 64. Bf5+ Kh8 65. Bd7 Kh7
66. Bc6 Kh8 67. Kg6 Kg8 68. Ng5 Kh8 69. Nf7+ Kg8 70. Be4 Kf8 71. Kf6 Kg8 72.
Bg6 Kf8 73. Bh7 Ke8 74. Ne5 Kf8 75. Ng6+ Ke8 76. Ke6 Kd8 77. Ne5 Ke8 78. Nd7
Kd8 79. Kd6 Ke8 80. Bg6+ Kd8 81. Nc5 Kc8 82. Bf7 Kd8 83. Ne6+ Kc8 84. Kc6 Kb8
85. Kb6 Kc8 86. Be8 Kb8 87. Bd7 Ka8 88. Nc7+ Kb8 89. Na6+ Ka8 90. Bc6# 1-0

[Event "12. Friedrichrodaer Open"]
[Site "Friedrichroda"]
[Date "2008.08.08"]
[Round "4.7"]
[White "Richter, Jan"]
[Black "Wahlicht, Mike"]
[Result "1/2-1/2"]
[WhiteElo "2068"]
[BlackElo "2002"]
[PlyCount "106"]
[EventDate "2008.08.??"]
[EventType "swiss"]
[EventRounds "7"]
[WhiteTeam "SV Schott Jena"]
[BlackTeam "SV Empor Erfurt"]

1. Nf3 Nf6 2. c4 e6 3. g3 d5 4. Bg2 Be7 5. O-O O-O 6. d4 dxc4 7. Qc2 c5 8. dxc5
Bxc5 9. Qxc4 Qb6 10. Nc3 Na6 11. Bg5 Nd5 12. Na4 Qb4 13. Qxb4 Bxb4 14. a3 Be7
15. Bxe7 Nxe7 16. Rfd1 b5 17. Nc3 Rb8 18. b4 f6 19. Nd4 Nc7 20. Rac1 e5 21. Nb3
Ne6 22. e3 a6 23. Ne4 Bb7 24. Rd7 Bxe4 25. Bxe4 Ng5 26. Bxh7+ Kxh7 27. Rxe7 Rb6
28. Rd1 Rf7 29. Rdd7 Kg6 30. Kg2 Rxe7 31. Rxe7 Nf7 32. Nc5 Nd6 33. Ra7 Nc4 34.
Rxa6 Rxa6 35. Nxa6 Nxa3 36. e4 Nc2 37. f4 exf4 38. gxf4 Kf7 39. Kf3 Ke6 40.
Nc7+ Kd7 41. Nd5 Kd6 42. h4 Nd4+ 43. Ke3 Nc6 44. Nc3 Nxb4 45. Nxb5+ Ke7 46. Nd4
g6 47. e5 Nd5+ 48. Ke4 Nc7 49. Nc6+ Kf7 50. Nb4 Ne8 51. Nd3 Ng7 52. exf6 Kxf6
53. Ne5 Nh5 1/2-1/2

[Event "12. Friedrichrodaer Open"]
[Site "Friedrichroda"]
[Date "2008.08.08"]
[Round "4.8"]
[White "Jörges, Frank"]
[Black "Seifart, Mario"]
[Result "1/2-1/2"]
[WhiteElo "2018"]
[BlackElo "1992"]
[PlyCount "39"]
[EventDate "2008.08.??"]
[EventType "swiss"]
[EventRounds "7"]
[WhiteTeam "ESV Lok Meiningen"]
[BlackTeam "SC Tempo Göttingen"]

1. d4 d5 2. Nf3 e6 3. e3 Nf6 4. Bd3 Nbd7 5. Nbd2 Bd6 6. c3 O-O 7. O-O c6 8. e4
dxe4 9. Nxe4 Nxe4 10. Bxe4 h6 11. Re1 Qc7 12. Qe2 e5 13. dxe5 Nxe5 14. Nxe5
Bxe5 15. Bh7+ Kxh7 16. Qxe5 Qxe5 17. Rxe5 Be6 18. Be3 b6 19. f3 Rfd8 20. a4
1/2-1/2

[Event "12. Friedrichrodaer Open"]
[Site "Friedrichroda"]
[Date "2008.08.08"]
[Round "4.9"]
[White "Willems, Matthias"]
[Black "Rößner, Uwe"]
[Result "1-0"]
[WhiteElo "2032"]
[BlackElo "1939"]
[PlyCount "59"]
[EventDate "2008.08.??"]
[EventType "swiss"]
[EventRounds "7"]
[WhiteTeam "SC Bad Nauheim"]
[BlackTeam "ESV Lok Meiningen"]

1. d4 d6 2. Nf3 Nf6 3. Nc3 Nbd7 4. e4 e5 5. Bc4 Be7 6. dxe5 dxe5 7. Ng5 O-O 8.
Bxf7+ Rxf7 9. Ne6 Qe8 10. Nxc7 Qf8 11. Nxa8 Nc5 12. f3 Bh3 13. O-O Qxa8 14.
gxh3 Qc8 15. Kg2 Kh8 16. Be3 Ne6 17. Nd5 Nh5 18. Qd2 Bc5 19. Qc3 Rc7 20. Qxe5
Bxe3 21. Nxe3 Rc5 22. Qd6 Rc6 23. Qd2 Nhf4+ 24. Kh1 h6 25. Rad1 Qe8 26. Ng2
Nxh3 27. f4 Qh5 28. c3 Qc5 29. Qe3 Qh5 30. Rd3 1-0

[Event "12. Friedrichrodaer Open"]
[Site "Friedrichroda"]
[Date "2008.08.08"]
[Round "4.10"]
[White "Heß, Jürgen"]
[Black "Zimmer, Frank"]
[Result "0-1"]
[WhiteElo "2034"]
[BlackElo "1796"]
[PlyCount "104"]
[EventDate "2008.08.??"]
[EventType "swiss"]
[EventRounds "7"]
[WhiteTeam "ESV Lok Sömmerda"]
[BlackTeam "SK Nürnberg 1911 - Grundig e.V."]

1. e4 Nf6 2. e5 Nd5 3. d4 d6 4. Nf3 dxe5 5. Nxe5 g6 6. Bc4 Be6 7. O-O Bg7 8.
Bb3 O-O 9. Nf3 Bg4 10. h3 Bxf3 11. Qxf3 e6 12. c4 Nb6 13. d5 exd5 14. cxd5 Qf6
15. Qxf6 Bxf6 16. Nc3 c6 17. Ne4 Bg7 18. dxc6 Nxc6 19. Rb1 Nd4 20. Bd1 Rfe8 21.
Nd6 Re7 22. Bg5 Rd7 23. Ne4 Nd5 24. Nc5 Rc7 25. Nb3 Ne6 26. Bd2 Rac8 27. Bf3
Ndf4 28. Be3 b6 29. Rfd1 Rc2 30. Kf1 Rxb2 31. Rxb2 Bxb2 32. g3 Nh5 33. Bxh5
gxh5 34. Rd7 Rc7 35. Rxc7 Nxc7 36. Ke2 Nd5 37. Kd3 Nb4+ 38. Kc4 Nxa2 39. Kb5
Nc3+ 40. Ka6 Nd1 41. Kxa7 Nxe3 42. fxe3 b5 43. Kb6 b4 44. Kb5 Bc3 45. Kc4 Kg7
46. Nd4 Kf6 47. Ne2 Be1 48. Nf4 Kg5 49. Ng2 Bxg3 50. Kxb4 Kf5 51. Kc3 Ke4 52.
Kd2 Kf3 0-1

[Event "12. Friedrichrodaer Open"]
[Site "Friedrichroda"]
[Date "2008.08.08"]
[Round "4.11"]
[White "Hansch, Karsten"]
[Black "Wüst, Michael"]
[Result "0-1"]
[WhiteElo "1581"]
[BlackElo "2041"]
[PlyCount "80"]
[EventDate "2008.08.??"]
[EventType "swiss"]
[EventRounds "7"]
[WhiteTeam "Stendaler Schachklub e.V."]
[BlackTeam "PTSV SK Hof 1892"]

1. e4 Nf6 2. e5 Nd5 3. d4 d6 4. c4 Nb6 5. exd6 cxd6 6. Nf3 Bg4 7. Be2 e6 8. h3
Bh5 9. Qb3 Nc6 10. d5 Bxf3 11. Bxf3 Nd4 12. Qd3 e5 13. b3 Be7 14. Nd2 O-O 15.
O-O Nd7 16. Ba3 f5 17. Bd1 Rc8 18. f3 b6 19. g3 Nc5 20. Bxc5 bxc5 21. Be2 Qd7
22. Rae1 Bg5 23. Kh2 Rce8 24. Bd1 Re7 25. h4 Bh6 26. Nb1 g6 27. Nc3 Rfe8 28.
Kg2 Qd8 29. Qb1 Bd2 30. Qd3 Bxe1 31. Rxe1 Rf7 32. Kh3 Qf6 33. f4 e4 34. Qe3
Rfe7 35. Rf1 h6 36. Rg1 Nf3 37. Rg2 a6 38. Bc2 Qd4 39. Qxd4 cxd4 40. Nd1 Ne1
0-1

[Event "12. Friedrichrodaer Open"]
[Site "Friedrichroda"]
[Date "2008.08.08"]
[Round "4.13"]
[White "Klaus, Ingo"]
[Black "von Bassewitz, Ingo"]
[Result "1-0"]
[WhiteElo "2148"]
[BlackElo "1678"]
[PlyCount "105"]
[EventDate "2008.08.??"]
[EventType "swiss"]
[EventRounds "7"]
[WhiteTeam "SK Engen"]
[BlackTeam "TuS 1860 Magdeburg"]

1. e4 c5 2. Nf3 d6 3. c3 Nf6 4. Be2 Nc6 5. d3 g6 6. O-O Bg7 7. a4 O-O 8. Na3
Nd7 9. Ne1 f5 10. Qb3+ Kh8 11. Nf3 Na5 12. Qa2 Ne5 13. Nxe5 Bxe5 14. Bh6 Bg7
15. Bxg7+ Kxg7 16. b4 cxb4 17. cxb4 Nc6 18. Qb2+ e5 19. Nc2 f4 20. Kh1 Qf6 21.
b5 Ne7 22. a5 Be6 23. d4 Rfc8 24. d5 Bd7 25. Nb4 Rc5 26. a6 b6 27. Nc6 g5 28.
Rac1 Rxc1 29. Rxc1 Nxc6 30. dxc6 Be6 31. Qd2 Qe7 32. Rd1 Rd8 33. Qc3 Qc7 34.
Bc4 Bxc4 35. Qxc4 Kf6 36. Qe2 Kg7 37. Qg4 h6 38. h4 Rh8 39. Kg1 Kf8 40. Qe6 Qe7
41. Rxd6 Qxe6 42. Rxe6 Kf7 43. Rxe5 gxh4 44. Rf5+ Ke6 45. Rxf4 h5 46. Rf5 Kd6
47. Kh2 Re8 48. f3 Rg8 49. Rxh5 Kc7 50. Rh7+ Kb8 51. e5 Rg5 52. f4 Rg4 53. e6
1-0

[Event "12. Friedrichrodaer Open"]
[Site "Friedrichroda"]
[Date "2008.08.08"]
[Round "4.14"]
[White "Schulze, Frank"]
[Black "Hilbenz, Guntram"]
[Result "1/2-1/2"]
[WhiteElo "1599"]
[BlackElo "2013"]
[PlyCount "81"]
[EventDate "2008.08.??"]
[EventType "swiss"]
[EventRounds "7"]
[WhiteTeam "SG Grün-Weiß Dresden"]
[BlackTeam "SC Bad Nauheim"]

1. e4 d6 2. Nc3 Nf6 3. Be2 e5 4. d3 c6 5. f4 Be7 6. Nf3 Qc7 7. f5 d5 8. exd5
cxd5 9. Bg5 d4 10. Ne4 Bxf5 11. Nxf6+ gxf6 12. Bh4 Nc6 13. O-O Bg6 14. Bg3 f5
15. c3 f4 16. Bf2 dxc3 17. bxc3 O-O 18. Qb3 Rad8 19. Rfd1 Kg7 20. Qc4 f6 21.
Nh4 Bf7 22. Qe4 Bd5 23. Qf5 Qd7 24. Qxd7 Rxd7 25. Nf5+ Kh8 26. Nxe7 Nxe7 27. c4
Bc6 28. Bh4 Ng6 29. Bf2 f3 30. Bxf3 Bxf3 31. gxf3 Rfd8 32. Bxa7 Rxd3 33. Rxd3
Rxd3 34. Kf2 Nf4 35. Kg3 Kg7 36. Rb1 Rd7 37. Be3 Ne6 38. Rb6 Kf7 39. Kg4 Nd8
40. Kf5 Nc6 41. Bf2 1/2-1/2